Fluorescent probes /

Bibliographic Details
Corporate Author: Fluorescent Probes in Proteins and Membranes
Other Authors: Beddard, G. S. (Godfrey S.), West, Michael A.
Format: Conference Proceeding Book
Language:English
Published: London ; New York, N.Y. : Academic Press, 1981.
Subjects:

MARC

Tag First Indicator Second Indicator Subfields
LEADER 00000cam a2200000 a 4500
001 in00000081924
005 20151008054210.0
008 811105s1981 enka b 10000 eng d
020 |a 0120846802 
035 |a (OCoLC)07911545 
035 |9 AAH9950AM 
040 |a TMC  |c TMC  |d TXA  |d UtOrBLW 
049 |a TXAM  |c [800621] 
090 |a QH324.9.F4  |b F4 
096 |a QH 601 F646 1979 
245 0 0 |a Fluorescent probes /  |c edited by G.S. Beddard and M.A. West. 
264 1 |a London ;  |a New York, N.Y. :  |b Academic Press,  |c 1981. 
300 |a x, 235 pages :  |b illustrations ;  |c 24 cm. 
336 |a text  |b txt  |2 rdacontent 
337 |a unmediated  |b n  |2 rdamedia 
338 |a volume  |b nc  |2 rdacarrier 
500 |a "Based on a meeting Fluorescent Probes in Proteins and Membranes held at the Royal Institution of Great Britain, Thursday 8 November 1979." 
504 |a Bibliography: pages [183]-235. 
650 0 |a Fluorescence spectroscopy  |v Congresses. 
650 0 |a Membrane proteins  |v Congresses. 
650 0 |a Cell membranes  |v Congresses. 
700 1 |a Beddard, G. S.  |q (Godfrey S.) 
700 1 |a West, Michael A. 
711 2 |a Fluorescent Probes in Proteins and Membranes  |d (1979 :  |c Royal Institution of Great Britain) 
999 |a MARS 
999 f f |s 8778f9c4-3135-30e5-a477-82e61b2eae32  |i 513bdd4e-612a-3096-ba20-fa01a6cb5efd  |t 0 
952 f f |p normal  |a Texas A&M University  |b College Station  |c Sterling C. Evans Library  |d Evans: Library Stacks  |t 0  |e QH324.9.F4 F4  |h Library of Congress classification  |i unmediated -- volume  |m A14806216460 
998 f f |a QH324.9.F4 F4  |t 0  |l Evans: Library Stacks